00961nam a22002177a 450000500170000000800410001704000070005804100120006508200210007710000170009824500160011526000230013130000220015436500600017652003860023665000200062265000310064270000250067370000220069870000230072020260128092322.0240919b ||||| |||| 00| 0 eng d cAL aEnglish 223a820.33bBHYD aS L Bhyrappa aDharmashree aHublibSubbuc2024 a331pbPBc21x14cm aBLCR-000030b₹439.00c₹d₹549.00e20%f11-09-2024 aDharmashree depicts the episodes in the life of Satyanarayana, a staunch adherent of Sanātana-dharma, who ends up falling in love with a Christian girl, Lily. Initially a harsh critic of Hinduism, Lily is deeply influenced by Hindu ideals as she wades past discussions and arguments with Satya. Lily’s father would never marry her off to a non-Christian, so what does Satya do? aEnglish Fiction aBairappa S L Bhairappa S L aShanthakumari L V Tr aRavikumar Hari Ed aBharadwaj Arjun Ed